000
00354nam a2200133Ia 4500
008
151001s9999||||xx |||||||||||||| ||und||
100
_a
Galsworthy John
245
4
_a
The man of peoperly
250
_a
1
260
_b
The london Book co.
260
_c
1937
300
_a
315
365
_b
8
999
_c
949825
_d
949822